000
00255nam a22001217a 4500
008
180111b xxu||||| |||| 00| 0 eng d
041
_a
eng
080
_a
574
100
_a
9
101
_a
MJE
245
_a
HOW TO GROW HERBS
_c
EDINGER,P
942
_2
udc
_c
BK
999
_c
40104
_d
40104